Cuba Trivia Quiz - Statistieken

Algemene statistieken
  • Deze quiz is 562 keer genomen
  • De gemiddelde score is 12 van 22
Antwoordstatistieken
Hint Antwoord % Correct
Officiële taal Spaans
96%
Hoofdstad Havana
94%
Cuba grenst aan deze zee Caribische zee
78%
... en aan deze golf Golf van Mexico
73%
Leider van de Cubaanse revolutie Fidel Castro
69%
Valuta Peso
68%
Ideologie van de Cubaanse overheid {Commun}isme
66%
Cuba's meest bekende exportproduct Sigaren
66%
Noodtoestand over raketten in 1962 {Oktober}crisis
59%
Cocktail gemaakt van rum, limoen en munt Mojito
57%
Baretdragende Marxistische revolutionair Che Guevara
56%
Dit werd afgeschaft in 1886 Slavernij
54%
Plaats waar een Amerikaanse invasie gepland was {Varken}sbaai
53%
Cuba maakt deel uit van deze eilandengroep Grote {Antillen}
51%
Meest populaire sport Honkbal
49%
Amerikaanse marinebasis in Cuba Guantanamo Bay
46%
Rum wordt gemaakt van deze plant Suikerriet
30%
Grootste openbare plein Plaza de la {Revolución}
25%
Op één na grootste stad Santiago de Cuba
23%
Dictator omvergeworpen in 1959 Fulgencio Batista
22%
Dans bekent gemaakt door Pérez Prado Mambo
17%
Meest bekende cabaret en nachtclub Tropicana
11%
Geen overeenkomende quizzen gevonden
Scoreverdeling
Procent van Mensen met Elke Score
Percentiel versus Aantal Correcte Antwoorden
Uw Scoregeschiedenis
U heeft deze quiz nog niet genomen